Reading Scripture in the Old Testament : (Record no. 57123)
[ view plain ]
| 000 -LEADER | |
|---|---|
| fixed length control field | 00640nam a22001697a 4500 |
| 008 - FIXED-LENGTH DATA ELEMENTS--GENERAL INFORMATION | |
| fixed length control field | 211103b ||||| |||| 00| 0 eng d |
| 020 ## - INTERNATIONAL STANDARD BOOK NUMBER | |
| International Standard Book Number | 9004137513 |
| 020 ## - INTERNATIONAL STANDARD BOOK NUMBER | |
| International Standard Book Number | 9789004137516 |
| 050 ## - LIBRARY OF CONGRESS CALL NUMBER | |
| Classification number | BS1275.2 |
| Item number | .V45 2004 |
| 100 ## - MAIN ENTRY--PERSONAL NAME | |
| Personal name | Venema, G. J. |
| 245 ## - TITLE STATEMENT | |
| Title | Reading Scripture in the Old Testament : |
| Remainder of title | Deuteronomy 9-10, 31, 2 Kings 22-23, Jeremiah 36, Nehemiah 8 / |
| Statement of responsibility, etc | by G.J. Venema. |
| 260 ## - PUBLICATION, DISTRIBUTION, ETC. (IMPRINT) | |
| Place of publication, distribution, etc | Leiden ; |
| -- | New York : |
| Name of publisher, distributor, etc | Brill, |
| Date of publication, distribution, etc | 2004. |
| 300 ## - PHYSICAL DESCRIPTION | |
| Extent | vii, 272 p. ; |
| Dimensions | 25 cm. |
| 500 ## - GENERAL NOTE | |
| General note | Includes bibliographical references (p. [233]-258) and indexes. |
| 650 ## - SUBJECT ADDED ENTRY--TOPICAL TERM | |
| Topical term or geographic name as entry element | Bible. Old Testament |
| General subdivision | Criticism, interpretation, |
| 942 ## - ADDED ENTRY ELEMENTS (KOHA) | |
| Source of classification or shelving scheme | Library of Congress Classification |
| Item type | Book |
| Withdrawn status | Lost status | Source of classification or shelving scheme | Damaged status | Not for loan | Collection code | Home library | Current library | Shelving location | Date acquired | Source of acquisition | Cost, normal purchase price | Full call number | Barcode | Copy number | Price effective from | Koha item type |
|---|---|---|---|---|---|---|---|---|---|---|---|---|---|---|---|---|
| Library of Congress Classification | Non-fiction | Joshua & Timothy School of Theology Library (JTSOT) | Joshua & Timothy School of Theology Library (JTSOT) | General Circulation | 03/11/2021 | Donation-TBN | 2700.00 | BS1275.2 .V45 2004 | 067356 | 1 | 03/11/2021 | Book |